000 00533nam a22001697a 4500
005 20251108171011.0
008 250721s1988 xx 000 0 ara d
082 1 4 _a891.92/بور
100 1 _aبوريس، اطيح
245 1 0 _aالريح و الجبال تراجيديا شركسيه من القرن الخامس قبل لميلاد /
264 1 _aدمشق :
_c1988.
300 _a176ص
650 1 7 _aالمسرحيه الشركسيه
700 1 _aقوموق، ممدوح
_eترجة
942 _2ddc
_cBK
999 _c54047
_d54047